|
|
|
|
| LEADER |
01087nam a2200265 a 4500 |
| 001 |
4564686 |
| 008 |
120513s2011 enka 000 1 eng d |
| 020 |
|
|
|a 9780194249133 (pbk.)
|
| 020 |
|
|
|a 0194249131 (pbk.)
|
| 020 |
|
|
|a 9780194249119 (book and multiROM pack)
|
| 040 |
|
|
|a StDuBDS
|b eng
|c StDuBDS
|d BD-DhAAL
|
| 082 |
0 |
4 |
|a 428.6
|2 22
|
| 100 |
1 |
|
|a Spyri, Johanna
|
| 245 |
1 |
0 |
|a Heidi /
|c Johanna Spyri ; text adaptation by Paul Davenport ; illustrated by Monica Armino.
|
| 260 |
|
|
|a Oxford :
|b Oxford University Press,
|c 2011.
|
| 300 |
|
|
|a 51 p. :
|b col. ill. ;
|c 21 cm.
|
| 490 |
1 |
|
|a Dominoes. Starter level.
|
| 541 |
|
|
|e 00025132
|
| 650 |
|
0 |
|a Heidi (Fictitious character : Spyri)
|v Fiction.
|
| 655 |
|
0 |
|a Readers.
|
| 700 |
1 |
|
|a Davenport, Paul .0
|
| 700 |
1 |
|
|a Armino, Monica.
|
| 852 |
1 |
|
|a Ayesha Abed Library
|c General shelf.
|
| 999 |
|
|
|c 12228
|d 12228
|
| 952 |
|
|
|0 0
|1 0
|2 ddc
|4 0
|6 428_600000000000000_SPY
|7 0
|9 20257
|a BRACUL
|b BRACUL
|c GEN
|d 2012-05-23
|e Karim International
|g 604.00
|l 5
|m 6
|o 428.6 SPY
|p 3010025132
|r 2025-02-05
|s 2025-01-15
|t 1
|w 2012-05-23
|y BK
|x Transferred from BIL to BRACUL on 06/06/22
|